Normal view MARC view

Entry Nombre geográfico

Number of records used in: 1

001 - NÚMERO DE CONTROL

  • campo de control: 30169

003 - IDENTIFICADOR DEL NÚMERO DE CONTROL

  • campo de control: FranzMayer

005 - FECHA Y HORA DE LA ÚLTIMA TRANSACCIÓN

  • campo de control: 20260331172638.0

008 - DATOS DE LONGITUD FIJA

  • campo de control de longitud fija: 260331|| aca||aabn | a|a d

040 ## - FUENTE DE LA CATALOGACIÓN

  • Centro catalogador/agencia de origen: FranzMayer
  • Centro/agencia transcriptor: FranzMayer

151 ## - ENCABEZAMIENTO--NOMBRE GEOGRÁFICO

  • Nombre geográfico: Asia
  • Subdivisión general: Maps
  • Subdivisión cronológica: Early works to 1800

670 ## - FUENTE DE DATOS ENCONTRADOS

  • Cita de la fuente: Work cat.: (FranzMayer)11110: Janssonius, Johannes (1588-1664) editor e impresor 30057, Atlas Minor, Das ist: Eine kurtze jedoch gründliche Beschreibung der gantzen Welt. In zwey Theile abgetheilt. Das Erste begreifft Groß-Britannien, die Mitternächtige Länder, Teutschland und Niederland (Vol. I). // Das Ander Theil. Das Ander begreifft Frankreich, Hispanien, Italien, Bergstrass und Asia, Africa und America (Vol. II) /, 1648